000 00276nam a2200133Ia 4500
100 _aBidulya/P
942 _cBK
654 _aFoundry
245 _aSteel Foundry Practice
260 _bMir publishers
_aMoscow
_c1968
082 _a672.2
300 _a319
546 _aENGLISH
999 _c30583
_d30583